000 00241 a2200121 4500
020 _a8434815702
020 _a9788434815704
041 _aspa
100 _aJanosch
245 _aSoy un oso grande y hermoso
942 _cBK
999 _c29716
_d29714
999 _d29714